[Event "Bundesliga 2004/05"]
[Site "masterchessopen.com Germany"]
[Date "2004.11.13"]
[Round "1"]
[White "Vallejo Pons Francisco (ESP)"]
[Black "Handke Florian (GER)"]
[Result "1-0"]
[WhiteElo "2678"]
[BlackElo "2467"]

{ Vallejo Pons Francisco (ESP) +1 =2 -0 } 1.e4 { 1 } 1...c5 2.Nf3 e6 3.d4 cxd4
4.Nxd4 Nc6 5.Nc3 Qc7 6.Be3 a6 7.Qd2 Nf6 8.O-O-O Bb4 9.f3 { = } 9...Ne5 10.Nb3
b5 11.Qe1 Be7 12.f4 ( 12.Kb1 d6 13.Qf2 Rb8 14.g4 b4 15.Ne2 a5 16.g5 Nfd7
17.Nbd4 Nc4 18.Bc1 Qc5 19.Qg1 Ndb6 20.Ng3 Bd7 21.Nh5 Rg8 22.h4 Rc8 23.Qh2 a4
24.Bxc4 Nxc4 25.f4 Kd8 26.Rhf1 { 1/2-1/2, Balogh Csaba 2456 - Portisch Lajos
2573 , Miskolc 17. 3.2004 It (cat.12) } ) 12...Ng6 ( 12...Nc4 13.e5 Ng4 14.Bd4
f5 15.h3 Nh6 16.Qf2 Bb7 17.Bxc4 bxc4 18.Bb6 Qc6 19.Na5 Qxg2 20.Qd4 Bc8 21.Bc5
Bxc5 22.Qxc5 Kf7 23.Qe3 Rb8 24.Rhg1 Qa8 25.Nxc4 Rf8 26.Nd6+ Kg8 27.Rxg7+ {
1-0, Grischuk Alexander 2719 - Geller Jakov 2489 , Sochi 25. 4.2004 Ch Russia
(club) } ) 13.e5 Ng4 14.Bd2 { } ( 14.Bd4 Bb7 15.Be2 h5 16.f5 exf5 17.Bf3 Rc8
18.Bxb7 Qxb7 19.h3 Nh6 20.Qf2 f4 21.Na5 Qa8 22.Bb6 O-O 23.Nd5 Bh4 24.Qe2 Nf5
25.Qd3 Nfe7 26.Nxe7+ Bxe7 27.Qxd7 Qxg2 28.Qf5 Qg5 29.Qe4 Qxe5 30.Qd3 Bf6
31.Qa3 Qf5 32.Rh2 Rfe8 33.Nb7 f3 { ...0-1, Dobrov Vladimir 2495 - Perunovic
Milos 2555 , Kavala 2. 8.2004 It (open) } ) 14...h5 { N } ( 14...Bb7 15.h3 (
15.Bd3 Bxg2 16.Rg1 Bf3 17.Be4 Bh4 18.Qf1 Bxe4 19.Nxe4 Rc8 20.Nd6+ Ke7 21.Kb1
Qxc2+ 22.Ka1 Nxh2 23.Qh3 Bf2 24.Rc1 Bxg1 25.Nxc8+ Rxc8 26.Rxc2 Rxc2 27.Qg2
Rxd2 28.Nxd2 Be3 29.Qxh2 Bxf4 30.Qf2 Bxe5 31.Ne4 Nf8 32.Qc5+ d6 33.Qa7+ Nd7
34.Qxa6 { ...1-0, Zakurdjaeva Irina 2251 - Ovod Evgenija 2373 , St. Petersburg
2004 Memorial L.Rudenko (w) } ) 15...Nh6 16.Ne4 Nf5 17.Bd3 Rc8 18.Ba5 Qc6
19.Rf1 h5 20.g4 hxg4 21.hxg4 Rh3 22.Kb1 Ne3 23.Nf2 Bh4 24.Be4 Qxe4 25.Nxe4
Bxe4 26.Qd2 Bxc2+ 27.Ka1 Nxd1 28.Qg2 Rd3 29.Qb7 Ne7 30.Bb4 Bxb3 31.axb3 Rc1+
32.Ka2 Nc6 33.Qa8+ Bd8 34.Be1 { ...0-1, Kulaots Kaido 2593 - Aroshidze Levan
2401 , Istanbul 8. 9.2004 Ch World (universities) } ) 15.Bd3 Bb7 16.Ne4 Rc8
17.Kb1 Nh4 18.Rg1 Qb6 { ?! } ( 18...Nf5 { !? } 19.h3 Bxe4 20.Bxe4 Ngh6 { } )
19.h3 f5 20.Nd6+ Bxd6 21.exd6 Nf2 { ?! } ( 21...Nxg2 { !? } 22.Rxg2 Bxg2
23.hxg4 hxg4 { } ) 22.Be3 Nxg2 23.Rxg2 Nxd3 24.Rxd3 Qc6 25.Rdd2 { } {#r} 1-0

[Event "It (open)"]
[Site "masterchessopen.com La Roda (Spain)"]
[Date "2005.03.27"]
[Round "9"]
[White "Barria Daniel (CHI)"]
[Black "Antoli Royo Joaquin Miguel (ESP)"]
[Result "1-0"]
[WhiteElo "2440"]
[BlackElo "2320"]

1.e4 c5 2.Nf3 Nc6 3.d4 cxd4 4.Nxd4 Qc7 5.Nc3 e6 6.Be3 a6 7.Qd2 b5 8.O-O-O b4
9.Nce2 Nf6 10.f3 Ne5 11.Bf4 d6 12.Qxb4 Bd7 13.Nb3 Be7 14.Qc3 Qa7 15.Qd4 Qc7
16.Nc3 O-O 17.Bg5 Nc6 18.Qd2 Qa7 19.Be3 Qb7 20.g4 Rfd8 21.g5 Ne8 22.Kb1 Nc7
23.h4 a5 24.a4 Nb4 25.h5 d5 {#r} 1-0

[Event "Tournament (juniors) (under 16)"]
[Site "masterchessopen.com Ermionh Argolidas (Greece)"]
[Date "2005.06.29"]
[Round "6"]
[White "Kumionis Konstantinos"]
[Black "Antoniou Dimitrios (GRE)"]
[Result "0-1"]
[WhiteElo "1600"]
[BlackElo "1948"]

1.e4 c5 2.Nf3 Nc6 3.d4 cxd4 4.Nxd4 Qc7 5.Nc3 e6 6.Be3 a6 7.Bd3 b5 8.O-O Nf6
9.f3 Bc5 10.Nce2 Qa7 11.c3 e5 12.Bc2 exd4 13.Nxd4 Nxd4 14.Bxd4 Bxd4+ 15.Qxd4
Qxd4+ 16.cxd4 Bb7 17.Bb3 O-O 18.Rac1 Rac8 19.Kf2 Rxc1 20.Rxc1 Rc8 21.Rc3 b4
{#R} 0-1

[Event "It (open)"]
[Site "masterchessopen.com San Sebastian (Spain)"]
[Date "2005.09.28"]
[Round "3"]
[White "Vega Gutierrez Sabrina (ESP)"]
[Black "Manso Marquez Felix (ESP)"]
[Result "1-0"]
[WhiteElo "2210"]
[BlackElo "2106"]

1.e4 c5 2.Nf3 e6 3.d4 cxd4 4.Nxd4 Nc6 5.Nc3 Qc7 6.Be3 a6 7.f4 b5 8.Bd3 Bb7
9.Qf3 Nf6 10.O-O-O Nxd4 11.Bxd4 Bc5 12.Bxc5 Qxc5 13.Qg3 O-O 14.Rhe1 Rac8 15.e5
Ne8 16.f5 f6 17.Qh3 fxe5 18.fxe6 Nf6 {#r} 1-0

[Event "Ch World FIDE"]
[Site "masterchessopen.com San Luis (Argentina)"]
[Date "2005.10.01"]
[Round "4"]
[White "Leko Peter (HUN)"]
[Black "Polgar Judit (HUN)"]
[Result "1-0"]
[WhiteElo "2751"]
[BlackElo "2735"]

1.e4 c5 2.Nf3 e6 3.d4 cxd4 4.Nxd4 Nc6 5.Nc3 Qc7 6.Be3 a6 7.Qd2 Nf6 8.O-O-O Bb4
9.f3 Ne7 10.Nde2 b5 11.g4 h6 12.Rg1 { !?N } ( 12.Bg2 Ba5 13.Qd3 d5 14.Bf4 Qc4
15.Qxc4 ) ( 12.a3 Ba5 13.b4 Bb6 14.Bxb6 Qxb6 15.Nd4 Bb7 16.h4 Nc6 17.Nb3 Ne5
18.Be2 O-O-O 19.g5 Nh5 20.f4 Nc4 21.Bxc4 bxc4 22.Na5 Qc7 23.Rhf1 Ng3 24.Nxb7
Qxb7 25.Rfe1 hxg5 26.hxg5 f5 27.gxf6 gxf6 28.Qf2 Nh5 29.Rd6 Qc7 30.Red1 Rhg8
31.Kb2 Kb7 32.Na4 { 1-0, L'Ami Erwin (NED) 2519 - Van Der Elburg Freddie (NED)
2290, Amsterdam (Netherlands) 2005.07.17 } ) ( 12.h4 Ba5 13.a3 b4 14.axb4 Bxb4
15.Bh3 Qa5 16.Kb1 d6 17.Nc1 Rb8 18.N1a2 Ba3 19.b3 Nd7 20.g5 h5 21.f4 Qc7
22.Bd4 O-O 23.g6 Nc5 24.gxf7+ Rxf7 25.Rh2 Nc6 26.Bxc5 dxc5 27.Qd6 Nd4 28.Qxc7
Rxc7 29.Ne2 Nxe2 30.Rxe2 c4 31.Rd8+ Kf7 32.Re3 cxb3 33.cxb3 a5 34.f5 Rb6
35.Rc3 Rxc3 36.Nxc3 Rc6 37.Nb5 Rc1+ 38.Ka2 Be7 39.Rh8 exf5 40.exf5 Bd7 41.Rb8
Bf6 { 0-1, Naiditsch Arkadij (GER) 2626 - Nisipeanu Liviu-Dieter (ROM) 2670,
Warsaw (Poland) 2005.06.22 } ) 12...Ng6 13.a3 Be7 14.f4 b4 { ?! } ( 14...Bb7 {
!? } 15.e5 Nd5 16.Nxd5 Bxd5 17.Nc3 Bf3 18.Be2 Bxe2 19.Nxe2 Rd8 { = } ) 15.axb4
Bxb4 16.Qd4 Qa5 17.Kb1 Rb8 { ? ! } ( 17...d6 { !? } ) 18.g5 ( 18.e5 { ! ? } )
18...Nh5 { ? DB } ( 18...Ba3 { !? } 19.b3 hxg5 20.Rxg5 Qc7 21.f5 Rb4 22.Qd2
Nh4 { ? } ) 19.gxh6 Rxh6 20.Rg5 ( 20.f5 { !? } 20...Ngf4 21.Rxg7 Rh8 22.Rxf7
e5 23.Qc4 { +?? } ) 20...Qc7 21.Nb5 { ! } 21...Rxb5 22.Rxb5 axb5 23.Qxb4 Nhxf4
24.Nc3 Rxh2 25.Bg1 {#r} 1-0

[Event "Memorial Moacyr Tavares"]
[Site "masterchessopen.com Rio de Janeiro (Brazil)"]
[Date "2005.10.15"]
[Round "3"]
[White "Ramos Angelo Bil"]
[Black "Rocha Joao Batista (BRA)"]
[Result "1-0"]
[WhiteElo "2148"]
[BlackElo "2087"]

1.e4 c5 2.Nf3 Nc6 3.d4 cxd4 4.Nxd4 e6 5.Nc3 a6 6.Be3 Qc7 7.Qd2 Nge7 8.O-O-O b5
9.Bxb5 Nxd4 10.Qxd4 Nc6 11.Bxc6 Qxc6 12.Rhe1 Bb7 13.f3 Rc8 14.Rd2 Rg8 15.e5
Bc5 16.Qd3 Bxe3 17.Rxe3 g6 18.Ne4 Ke7 19.Qa3+ Kd8 20.Nd6 Kc7 21.Rc3 Qxc3
22.Qxc3+ Kb8 23.Nxc8 Rxc8 24.Qb4 {#r} 1-0

[Event "Ch Slovenia (team) West (w)"]
[Site "masterchessopen.com Bled (Slovenia)"]
[Date "2005.11.04"]
[Round "2"]
[White "Grobelsek Ana (SLO)"]
[Black "Stepovaia Tatiana (RUS)"]
[Result "1-0"]
[WhiteElo "2079"]
[BlackElo "2349"]

1.e4 c5 2.Nf3 e6 3.d4 cxd4 4.Nxd4 Nc6 5.Nc3 Qc7 6.Be3 a6 7.Bd3 Nf6 8.O-O Ne5
9.f4 Neg4 10.Bd2 Bc5 11.Ne2 e5 12.fxe5 Qxe5 13.Bf4 Bxd4+ 14.Kh1 Qc5 15.Nxd4
Qxd4 16.e5 Kf8 17.exf6 Nxf6 18.Qe1 d5 19.Be3 Qxb2 20.Bc5+ Kg8 21.Rxf6 Bd7
22.Rb6 {#r} 1-0

[Event "Czech League 2005/06 (2nd) (c)"]
[Site "masterchessopen.com Czech Republic"]
[Date "2005.11.20"]
[Round "3"]
[White "Srba Milan (CZE)"]
[Black "Rehorek Martin (CZE)"]
[Result "0-1"]
[WhiteElo "2213"]
[BlackElo "2283"]

1.e4 c5 2.Nf3 e6 3.d4 cxd4 4.Nxd4 Nc6 5.Nc3 Qc7 6.Be3 a6 7.Bd3 b5 8.O-O Bb7
9.Kh1 Nf6 10.f4 b4 11.Na4 Nxd4 12.Bxd4 Nxe4 13.Qe2 Nc5 14.Nxc5 Bxc5 15.Bxc5
Qxc5 16.f5 g6 17.Rae1 O-O 18.f6 Qg5 19.Qf2 Rfc8 20.Re3 Bxg2+ 21.Qxg2 Qxe3
22.Rf3 Qh6 23.Rh3 Qc1+ 24.Bf1 Qxc2 {#R} 0-1

[Event "Ch Serbia"]
[Site "masterchessopen.com Vrnjacka Banja (Serbia)"]
[Date "2006.02.05"]
[Round "9"]
[White "Gagic Miroljub (SRB)"]
[Black "Bozilov Dragan (SRB)"]
[Result "1-0"]
[WhiteElo "1874"]
[BlackElo "1887"]

1.e4 c5 2.Nf3 e6 3.d4 cxd4 4.Nxd4 Nc6 5.Nc3 Qc7 6.Be3 a6 7.Bd3 Nf6 8.O-O Bd6
9.h3 b5 10.a3 O-O 11.f4 Nxd4 12.Bxd4 Bc5 13.Bxc5 Qxc5+ 14.Kh1 Bb7 15.Qe1 e5
16.fxe5 Qxe5 17.Rf5 Qe6 18.Qh4 h6 19.Raf1 Ne8 20.Qg3 Nd6 21.Rf6 {#r} 1-0

[Event "It (open)"]
[Site "masterchessopen.com Malakoff (France)"]
[Date "2006.04.13"]
[Round "7"]
[White "Doghri Nabil (TUN)"]
[Black "Appleberry Martin (FRA)"]
[Result "1-0"]
[WhiteElo "2333"]
[BlackElo "2219"]

1.e4 c5 2.Nf3 e6 3.d4 cxd4 4.Nxd4 a6 5.Nc3 Qc7 6.Be3 Nc6 7.Qd2 Nf6 8.O-O-O Bb4
9.f3 Ne5 10.Qe1 Bxc3 11.bxc3 d5 12.Nb3 Nc4 13.exd5 Nxd5 14.Bc5 Qf4+ 15.Kb1
{#r} 1-0

[Event "It (open)"]
[Site "masterchessopen.com La Roda (Spain)"]
[Date "2006.04.16"]
[Round "9"]
[White "Huerga Leache Mikel (ESP)"]
[Black "Antoli Royo Joaquin Miguel (ESP)"]
[Result "0-1"]
[WhiteElo "2315"]
[BlackElo "2365"]

1.e4 c5 2.Nf3 Nc6 3.d4 cxd4 4.Nxd4 Qc7 5.Nc3 e6 6.Be3 a6 7.Qd2 Nf6 8.O-O-O Bb4
9.f3 Ne7 10.Nde2 d5 11.Bg5 dxe4 12.Bxf6 gxf6 13.fxe4 Nc6 14.a3 Be7 15.Nd5 exd5
16.exd5 Na5 17.Kb1 Nc4 18.Qc3 Bd6 19.Ka2 Ne5 20.Qg3 Bg4 21.Rd4 Bxe2 22.Bxe2
O-O-O 23.c4 Kb8 24.Rc1 Nc6 {#R} 0-1

[Event "Ch France (active) (w)"]
[Site "masterchessopen.com Saint-Quentin (France)"]
[Date "2006.06.24"]
[Round "1"]
[White "Leconte Maria (FRA)"]
[Black "Legris Delphine (FRA)"]
[Result "1-0"]
[WhiteElo "2350"]
[BlackElo "1907"]

1.e4 c5 2.Nf3 e6 3.d4 cxd4 4.Nxd4 a6 5.Nc3 Nc6 6.Be3 Qc7 7.Qe2 Nf6 8.g4 Be7
9.Bg2 d6 10.O-O O-O 11.g5 Ne8 12.f4 Bd7 {#r} 1-0

[Event "It (open)"]
[Site "masterchessopen.com Haarlem (Netherlands)"]
[Date "2006.07.07"]
[Round "1"]
[White "Remmerts John"]
[Black "Milov Leonid (GER)"]
[Result "0-1"]
[WhiteElo "1833"]
[BlackElo "2505"]

1.e4 c5 2.Nf3 e6 3.d4 cxd4 4.Nxd4 Nc6 5.Nc3 Qc7 6.Be3 a6 7.a4 Nf6 8.Be2 Bb4
9.f3 d5 10.O-O Ne7 11.Qd3 O-O 12.exd5 Nexd5 13.Nxd5 Nxd5 14.Bf2 Nf4 15.Qc4
Nxe2+ 16.Qxe2 e5 17.c3 Bd6 18.Nc2 Be6 19.Rfe1 Bc4 20.Qe4 f5 21.Qh4 Rf6 22.Ne3
Be6 23.a5 e4 24.g3 f4 {#R} 0-1

[Event "Simultan"]
[Site "masterchessopen.com Copenhagen (Denmark)"]
[Date "2006.07.25"]
[Round "0"]
[White "Aagaard Jacob (SCO)"]
[Black "Nilsson Erling (DEN)"]
[Result "1-0"]
[WhiteElo "2464"]
[BlackElo "1961"]

1.e4 c5 2.Nf3 e6 3.d4 cxd4 4.Nxd4 a6 5.Be3 Nc6 6.Nc3 Qc7 7.Qd2 Nf6 8.f3 b5
9.g4 b4 10.Nce2 Ne5 11.Bf4 h6 12.h4 d5 13.exd5 Nxd5 14.Bg2 Bd6 15.Bxe5 Bxe5
16.f4 Bd6 17.Bxd5 exd5 18.Nf5 Bxf5 19.Qxd5 Bc8 20.Qxa8 O-O 21.O-O Bb7 22.Qa7
Bc5+ {#r} 1-0

[Event "It (open) \"]
[Site "masterchessopen.com Sukhumi (Georgia)"]
[Date "2006.08.09"]
[Round "6"]
[White "Ovetchkin Roman (RUS)"]
[Black "Dashko Andrey (RUS)"]
[Result "1-0"]
[WhiteElo "2543"]
[BlackElo "2364"]

1.e4 c5 2.Nf3 e6 3.d4 cxd4 4.Nxd4 Nc6 5.Nc3 Qc7 6.Be3 a6 7.Qd2 Nf6 8.O-O-O b5
9.f3 Bb7 10.Nb3 d6 11.Kb1 Be7 12.Bxb5 axb5 13.Nxb5 Qd7 14.Nxd6+ Bxd6 15.Qxd6
Qxd6 16.Rxd6 Rc8 17.Nc5 Ba8 18.Rhd1 Ne5 19.Nxe6 Nc4 20.Nxg7+ Ke7 21.Nf5+ Ke8
22.Rxf6 {#r} 1-0

[Event "Tournament (open)"]
[Site "masterchessopen.com Panevezys (Lithuania)"]
[Date "2006.08.16"]
[Round "6"]
[White "Rudys Mantas (LTU)"]
[Black "Buivys Martynas (LTU)"]
[Result "0-1"]
[WhiteElo "1856"]
[BlackElo "1861"]

1.e4 c5 2.Nf3 e6 3.d4 cxd4 4.Nxd4 Nc6 5.Nc3 Qc7 6.Be3 a6 7.f3 b5 8.a3 Bb7
9.Qd2 Rc8 10.Bd3 Na5 11.O-O Nf6 12.Kh1 Be7 13.Rae1 Nc4 14.Bxc4 Qxc4 15.Bg1 O-O
{#R} 0-1

[Event "It (open) \"]
[Site "masterchessopen.com Berlin (Germany)"]
[Date "2006.08.19"]
[Round "1"]
[White "Kornath Heinrich (GER)"]
[Black "Wasem Ralph (GER)"]
[Result "0-1"]
[WhiteElo "1831"]
[BlackElo "2098"]

1.e4 c5 2.Nf3 e6 3.d4 cxd4 4.Nxd4 Nc6 5.Nc3 Qc7 6.Be3 a6 7.a4 Nf6 8.Be2 Bb4
9.f3 d5 10.Nxc6 bxc6 11.O-O Bb7 12.Bd3 O-O 13.Ne2 Bd6 14.g3 c5 15.Bg5 c4 {#R}
0-1

[Event "It (open)"]
[Site "masterchessopen.com Thessaloniki (Greece)"]
[Date "2006.08.30"]
[Round "1"]
[White "Misailidis Konstantinos (GRE)"]
[Black "Mastrovasilis Dimitrios (GRE)"]
[Result "0-1"]
[WhiteElo "1849"]
[BlackElo "2562"]

1.e4 c5 2.Nf3 Nc6 3.d4 cxd4 4.Nxd4 e6 5.Nc3 Qc7 6.Be3 a6 7.Qd2 Nf6 8.Be2 b5
9.Nxc6 dxc6 10.f3 Be7 11.O-O-O O-O 12.Kb1 e5 13.g4 a5 14.g5 Nh5 15.Rdf1 a4
16.f4 Nxf4 17.Bxf4 exf4 18.Qxf4 Qxf4 19.Rxf4 Bxg5 20.Rf2 Be6 21.Rg2 Bf6 22.Bd3
a3 23.h4 {#R} 0-1

[Event "It (open)"]
[Site "masterchessopen.com Porec (Croatia)"]
[Date "2006.12.09"]
[Round "5"]
[White "Engelhardt Robin (GER)"]
[Black "Jukic Mihovil (CRO)"]
[Result "0-1"]
[WhiteElo "2024"]
[BlackElo "1746"]

1.e4 c5 2.Nf3 Nc6 3.d4 cxd4 4.Nxd4 e6 5.Be3 Qc7 6.Nc3 a6 7.Qd2 b5 8.Bd3 Bb7
9.f3 Rc8 10.a3 Nf6 11.g4 d6 12.h4 Ne5 13.Be2 Nc4 14.Bxc4 Qxc4 15.O-O-O d5
16.h5 Bxa3 17.g5 b4 18.bxa3 bxc3 19.Qd3 Qa2 {#R} 0-1

[Event "Sub-zt"]
[Site "masterchessopen.com Bogota (Colombia)"]
[Date "2006.12.21"]
[Round "6"]
[White "Marin Sebastian (COL)"]
[Black "Morales Jhon Alexander (COL)"]
[Result "1-0"]
[WhiteElo "2339"]
[BlackElo "2350"]

1.e4 c5 2.Nf3 Nc6 3.d4 cxd4 4.Nxd4 Qc7 5.Nc3 e6 6.Be3 a6 7.Bd3 Nf6 8.O-O Nxd4
9.Bxd4 Bc5 10.Be2 d6 11.Qd3 e5 12.Bxc5 dxc5 13.Nd5 Nxd5 14.exd5 Qd6 15.f4 O-O
16.f5 f6 17.Qe4 Bd7 18.Rf3 Rf7 19.a4 b6 20.Raa3 Re7 21.Rh3 Kh8 22.Rag3 b5
23.Rh5 Be8 24.Rh4 Raa7 25.Rxh7+ {#r} 1-0

[Event "Ch France (team) (nat.2) 2006/07"]
[Site "masterchessopen.com France"]
[Date "2007.01.21"]
[Round "6"]
[White "Scozzesi Francois (FRA)"]
[Black "Van Rompu Alexandre (FRA)"]
[Result "0-1"]
[WhiteElo "1903"]
[BlackElo "2126"]

1.e4 c5 2.Nf3 Nc6 3.Nc3 e6 4.d4 cxd4 5.Nxd4 Qc7 6.Be3 a6 7.Bd3 Nf6 8.O-O Ne5
9.h3 Bb4 10.f4 Nc4 11.Bxc4 Qxc4 12.Qf3 Bxc3 13.bxc3 d6 14.g4 e5 15.fxe5 dxe5
16.Nf5 Bxf5 17.exf5 O-O-O 18.Rab1 Rd7 19.Rb4 Qxc3 20.Rfb1 Rhd8 21.Rxb7 Rd1+
22.Kg2 Rxb1 23.Ra7 Nd5 24.Ra8+ Rb8 25.Rxa6 Nxe3+ {#R} 0-1

[Event "Ch Lithuania (1/2 final)"]
[Site "masterchessopen.com Vilnius (Lithuania)"]
[Date "2007.02.22"]
[Round "9"]
[White "Klabis Rokas (LTU)"]
[Black "Buivys Martynas (LTU)"]
[Result "1-0"]
[WhiteElo "1795"]
[BlackElo "1807"]

1.e4 c5 2.Nf3 e6 3.d4 cxd4 4.Nxd4 Nc6 5.Nc3 a6 6.Be3 Qc7 7.Qd2 b5 8.O-O-O Bb7
9.f3 Rc8 10.Kb1 Bb4 11.Nxc6 Qxc6 12.Bd4 f6 13.e5 f5 14.Qg5 Kf7 15.Bd3 Ne7
16.g4 h6 17.Qh5+ g6 18.Qh4 g5 19.Qh5+ Kg7 20.gxf5 Nxf5 21.Bxf5 exf5 22.e6+
{#r} 1-0

[Event "Memorial V.Cebanenco"]
[Site "masterchessopen.com Kishinev (Moldova)"]
[Date "2007.03.17"]
[Round "10"]
[White "Bargan Sergei (MDA)"]
[Black "Zhadko Vladimir (MDA)"]
[Result "1-0"]
[WhiteElo "2368"]
[BlackElo "2262"]

1.e4 c5 2.Nf3 e6 3.d4 cxd4 4.Nxd4 Nc6 5.Be3 Qc7 6.Nc3 a6 7.Bd3 Nf6 8.O-O Nxd4
9.Bxd4 Bc5 10.Bxc5 Qxc5 11.Qd2 O-O 12.Rae1 d6 13.Re3 b5 14.Rg3 Bb7 15.e5 dxe5
16.Rxg7+ Kxg7 17.Qg5+ Kh8 18.Qxf6+ Kg8 19.Re1 {#r} 1-0

[Event "Ch Netherlands (team) 2006/07"]
[Site "masterchessopen.com Netherlands"]
[Date "2007.03.24"]
[Round "7"]
[White "Okkes Menno (NED)"]
[Black "Michielsen Joost (NED)"]
[Result "1-0"]
[WhiteElo "2386"]
[BlackElo "2309"]

1.e4 c5 2.Nf3 e6 3.d4 cxd4 4.Nxd4 Nc6 5.Nc3 Qc7 6.Be3 a6 7.Qd2 Nf6 8.O-O-O Bb4
9.f3 Ne5 10.Nb3 b5 11.Qe1 Be7 12.f4 Ng6 13.e5 Ng4 14.Bd2 Bb7 15.Bd3 Bxg2
16.Rg1 Bf3 17.Be4 Bxd1 18.Nxd1 N4xe5 19.fxe5 Nxe5 20.Qg3 d5 21.Qxg7 O-O-O
22.Ba5 {#r} 1-0

[Event "Ch France (juniors) (under 12) (g)"]
[Site "masterchessopen.com Le Grand Bornand (France)"]
[Round "4"]
[White "Nolot Clementine (FRA)"]
[Black "Eid Maha (FRA)"]
[Result "0-1"]
[WhiteElo "1784"]
[BlackElo "1841"]

1.e4 c5 2.Nf3 e6 3.Nc3 Nc6 4.d4 cxd4 5.Nxd4 a6 6.Be3 Qc7 7.Bd3 b5 8.O-O Bb7
9.a4 b4 10.Nce2 Nf6 11.Ng3 h5 12.h4 Ng4 13.Qe1 Be7 14.Nxc6 Bxc6 15.Bg5 Bxg5
16.hxg5 h4 17.f4 Qb6+ {#R} 0-1

[Event "Ch Catalunia"]
[Site "masterchessopen.com Barcelona (Spain)"]
[Date "2007.04.02"]
[Round "2"]
[White "Mir Vinas Pablo (ESP)"]
[Black "Garcia Extremera Manuel (ESP)"]
[Result "0-1"]
[WhiteElo "1945"]
[BlackElo "1451"]

1.e4 c5 2.Nf3 Nc6 3.d4 cxd4 4.Nxd4 Qc7 5.Nc3 a6 6.Be3 e6 7.g3 g6 8.Bg2 Bg7
9.O-O Nge7 10.f4 O-O 11.f5 exf5 12.exf5 gxf5 13.Nxf5 Nxf5 14.Rxf5 Ne7 15.Nd5
Nxd5 16.Bxd5 d6 17.Rg5 Qe7 18.Qd4 Qxg5 {#R} 0-1

[Event "It (open)"]
[Site "masterchessopen.com San Sebastian (Spain)"]
[Date "2007.04.08"]
[Round "9"]
[White "Cabrera Trujillo Jorge (ESP)"]
[Black "Burton Graham P (ENG)"]
[Result "1-0"]
[WhiteElo "2317"]
[BlackElo "2123"]

1.e4 c5 2.Nf3 e6 3.d4 cxd4 4.Nxd4 Nc6 5.Nc3 Qc7 6.Be3 a6 7.Bd3 b5 8.Nxc6 Qxc6
9.O-O Bb7 10.Kh1 b4 11.Ne2 Nf6 12.Nd4 Qc7 13.f3 d5 14.Qe2 Bd6 15.Bg1 O-O
16.Rae1 Nd7 17.Qe3 Ne5 18.f4 Ng4 19.Qf3 dxe4 20.Qxg4 exd3 21.cxd3 Bd5 22.f5
exf5 23.Nxf5 f6 24.Rc1 {#r} 1-0

[Event "It (open)"]
[Site "masterchessopen.com Santos (Brazil)"]
[Date "2007.05.26"]
[Round "4"]
[White "Camargo de Oliveira Silvio Eduardo"]
[Black "Dos Santos Silva Caio Henrique (BRA)"]
[Result "1-0"]
[WhiteElo "2187"]
[BlackElo "1845"]

1.e4 c5 2.Nf3 e6 3.d4 cxd4 4.Nxd4 Nc6 5.Nc3 Qc7 6.Be3 a6 7.Qd2 Nf6 8.O-O-O Bb4
9.g3 b5 10.Bf4 Bxc3 11.Bxc7 Bxd2+ 12.Rxd2 Nxd4 13.Rxd4 d5 14.e5 Ng8 15.Be2 Ne7
16.f4 Bd7 17.g4 h5 18.gxh5 Rc8 19.Bb6 Nf5 20.Rd3 {#r} 1-0

[Event "It (open)"]
[Site "masterchessopen.com Utrecht (Netherlands)"]
[Date "2007.06.08"]
[Round "1"]
[White "Meurs Tom (NED)"]
[Black "Hommerson Paul (NED)"]
[Result "1-0"]
[WhiteElo "2051"]
[BlackElo "2207"]

1.e4 c5 2.Nf3 e6 3.d4 cxd4 4.Nxd4 Nc6 5.Nc3 Qc7 6.Be3 a6 7.Bd3 Nf6 8.O-O Ne5
9.h3 Bc5 10.Kh1 d6 11.f4 Ng6 12.Qe1 O-O 13.f5 Ne5 14.Qh4 b5 15.Rf3 Nxf3
16.gxf3 Kh8 17.Rg1 Rg8 18.e5 dxe5 19.Ne4 Nxe4 20.Bxe4 exd4 21.f6 g6 22.Rg4 Qe5
23.Qxh7+ {#r} 1-0

[Event "Ch Switzerland"]
[Site "masterchessopen.com Leukerbad (Switzerland)"]
[Date "2007.07.20"]
[Round "9"]
[White "Gallagher Joseph G (SUI)"]
[Black "Kaenel Hansjuerg (SUI)"]
[Result "1-0"]
[WhiteElo "2497"]
[BlackElo "2388"]

1.e4 c5 2.Nf3 e6 3.d4 cxd4 4.Nxd4 Nc6 5.Nc3 Qc7 6.Be3 a6 7.Qd2 Nf6 8.O-O-O Bb4
9.f3 O-O 10.Kb1 Ne5 11.Nb3 Be7 {#r} 1-0

[Event "It (open) \"]
[Site "masterchessopen.com Tromsoe (Norway)"]
[Date "2007.08.04"]
[Round "1"]
[White "Skage Oystein Aagedal (NOR)"]
[Black "Macieja Bartlomiej (POL)"]
[Result "0-1"]
[WhiteElo "1956"]
[BlackElo "2606"]

1.e4 c5 2.Nf3 Nc6 3.d4 cxd4 4.Nxd4 Qc7 5.Nc3 e6 6.Be3 a6 7.Bd3 b5 8.O-O Bb7
9.f4 Bc5 10.Nce2 Nf6 11.c3 Ng4 12.Bc1 O-O 13.Kh1 e5 14.Nxc6 Qxc6 15.Ng3 Qg6
16.Nf5 Qh5 {#R} 0-1

[Event "It (open)"]
[Site "masterchessopen.com Abudhabi (United Arab Emirates)"]
[Date "2007.08.15"]
[Round "4"]
[White "Swathi Ghate (IND)"]
[Black "Paridar Shadi (IRI)"]
[Result "1-0"]
[WhiteElo "2316"]
[BlackElo "2236"]

1.e4 c5 2.Nf3 Nc6 3.d4 cxd4 4.Nxd4 Qc7 5.Nc3 e6 6.Be3 a6 7.Qd2 Nf6 8.O-O-O Bb4
9.f3 Na5 10.Bf2 O-O 11.Bg3 e5 12.Nf5 Ne8 13.Qd3 Nf6 14.Qe3 Bxc3 15.Nxg7 Nxe4
16.Nf5 Nb3+ 17.axb3 Qa5 18.Kb1 Nd2+ 19.Rxd2 Bxd2 20.Qe4 Bf4 21.Bxf4 exf4
22.Bd3 Kh8 23.b4 Qb6 24.Nd6 f5 25.Qe5+ {#r} 1-0

[Event "Memorial A.Rubinstein (open) (a)"]
[Site "masterchessopen.com Polanica Zdroj (Poland)"]
[Date "2007.08.24"]
[Round "8"]
[White "Brzeski Maciej (POL)"]
[Black "Kuciel Wladyslaw (POL)"]
[Result "1-0"]
[WhiteElo "2307"]
[BlackElo "2149"]

1.e4 c5 2.Nf3 e6 3.d4 cxd4 4.Nxd4 Nc6 5.Be3 Qc7 6.Nc3 a6 7.Qd2 Nf6 8.O-O-O Bb4
9.f3 d5 10.a3 Bxc3 11.Qxc3 dxe4 12.fxe4 Nxe4 13.Qd3 Nf6 14.Nxc6 bxc6 15.Bc5
Nd5 16.c4 Qf4+ 17.Rd2 e5 18.cxd5 Bf5 19.Qe3 {#r} 1-0